| 000 | 00424nam a22001697a 4500 | ||
|---|---|---|---|
| 003 | MACL | ||
| 005 | 20160115145304.0 | ||
| 008 | 160115b xxu||||| |||| 00| 0 eng d | ||
| 040 | _cMACL | ||
| 041 | _aEnglish | ||
| 082 | _a070/CHA | ||
| 100 |
_aChaudhary Jyoti Kumar _932618 |
||
| 245 | _aBuild Your Career As Radio Jockey | ||
| 260 |
_aNew Delhi _bHoliday Book Store _c2009 |
||
| 650 |
_aMedia _932619 |
||
| 942 |
_2ddc _cBK |
||
| 999 |
_c52460 _d52460 |
||